Rwanda: etnické konflikty trochu jinak
Spoločenské usporiadanie Rwandy pred zavedením koloniálnej správy. Príčiny vzniku etnických konfliktov v Rwande.
Salvato in:
| Autore principale: | |
|---|---|
| Natura: | Capitolo di libro |
| Lingua: | ceco |
| Soggetti: | |
| Tags: |
Nessun Tag, puoi essere il primo ad aggiungerne!!
|
MARC
| LEADER | 00000naa a2200000 4500 | ||
|---|---|---|---|
| 001 | r040973 | ||
| 005 | 20230927121131.6 | ||
| 041 | 0 | |a cze | |
| 044 | |a CZ | ||
| 245 | 1 | 0 | |a Rwanda: etnické konflikty trochu jinak |c Jana Zahradníková |
| 520 | |a Spoločenské usporiadanie Rwandy pred zavedením koloniálnej správy. Príčiny vzniku etnických konfliktov v Rwande. | ||
| 610 | 2 | 0 | |a vývoj spoločenský |
| 610 | 2 | 0 | |a Rwanda |
| 610 | 2 | 0 | |a kolonizácia |
| 610 | 2 | 0 | |a kolonializmus |
| 610 | 2 | 0 | |a konflikty etnické |
| 610 | 2 | 0 | |a vojny |
| 100 | 1 | |a Zahradníková, Jana | |